Proceedings of the Eastern Joint Computer Conference : Papers and discussions presented at the Joint Computer Conference, New York, N.Y., December 10-12, 1956. Theme: New developments in computers. Sponsors: American Institute of Electrical Engineers Committee on Computing Devices; The Association of [sic] Computing Machinery; The Institute of Radio Engineers Professional Group on Electronic Computers.

Guardado en:
Autores Corporativos: American Institute of Electrical Engineers. Committee on Computing Devices., Association for Computing Machinery., Institute of Radio Engineers. Professional Group on Electronic Computers.
Formato: Libro
Idioma:English
Publicado: New York : American Institute of Electrical Engineers, c1957.
Etiquetas: Agregar Etiqueta
Sin Etiquetas, Sea el primero en etiquetar este registro!
LEADER 00996nam a22001575a 4500
001 MAT.inmabb000930
008 031119s1957####nyu###########101#0#eng#d
005 20180612151752.0
245 1 0 |a Proceedings of the Eastern Joint Computer Conference :  |b Papers and discussions presented at the Joint Computer Conference, New York, N.Y., December 10-12, 1956. Theme: New developments in computers. Sponsors: American Institute of Electrical Engineers Committee on Computing Devices; The Association of [sic] Computing Machinery; The Institute of Radio Engineers Professional Group on Electronic Computers. 
260 |a New York :  |b American Institute of Electrical Engineers,  |c c1957. 
300 |a 150 p. ;  |c 29 cm. 
710 2 |a American Institute of Electrical Engineers.  |b Committee on Computing Devices. 
710 2 |a Association for Computing Machinery. 
710 2 |a Institute of Radio Engineers.  |b Professional Group on Electronic Computers. 
084 |a 68-XX  |2 msc2000 
859 |h 68  |i P963p-1956  |p A-771  |b BIB. MATEMATICA